| 000 | 00668nam a2200169 i 4500 | ||
|---|---|---|---|
| 001 | 149388 | ||
| 003 | ES-MaACL | ||
| 007 | t| | ||
| 008 | 071022s1975 sp ||||1| spa d | ||
| 245 | 0 | 0 |
_a27 lecciones y 5 meses redondas de patología digestiva _b: XVIIII curso de especialización en el Servicio-Escuela del I. N. P. |
| 260 |
_a[Madrid] : _bLiade, _c1975. |
||
| 300 |
_a454 p., 11 lám. : _bil. ; _c24 cm. |
||
| 650 | 1 | 4 |
_aAparato digestivo- _xEnfermedades- _vCongresos y asambleas. _99907 |
| 710 | 2 |
_aAmbulatorio Hermanos Aznar. _bServicio-Escuela de Enfermedades Digestivas. _91344 |
|
| 710 | 2 |
_aLaboratorios Liade. _95477 |
|
| 852 |
_aES-MaACL _jE-8116 _bR.92679 |
||
| 999 |
_c149388 _d149388 |
||